| 000 | 00347nam a22001457a 4500 | ||
|---|---|---|---|
| 003 | macl | ||
| 005 | 20181118163210.0 | ||
| 008 | 181118b xxu||||| |||| 00| 0 eng d | ||
| 040 | _cmacl | ||
| 100 |
_aJain, B. B. _973251 |
||
| 245 | _aCompendium General English | ||
| 260 |
_aAgra _bUpkar'S _c2018 |
||
| 650 |
_aEnglish _973252 |
||
| 942 |
_2ddc _cBK |
||
| 999 |
_c58604 _d58604 |
||